[Event "World Blitz 2015"]
[Site "Berlin GER"]
[Date "2015.10.13"]
[Round "6.73"]
[White "Pham, Le Thao Nguyen"]
[Black "Nikolic, Predrag"]
[Result "0-1"]
[WhiteTitle "IM"]
[BlackTitle "GM"]
[WhiteElo "2319"]
[BlackElo "2603"]
[WhiteFideId "12401226"]
[BlackFideId "14400014"]
[EventDate "2015.10.13"]

1. d4 Nf6 2. Bf4 d5 3. e3 c5 4. c3 Nc6 5. Nd2 Bg4 6. Qb3 Qd7 7. Ngf3 c4 8. Qc2
Bf5 9. Qc1 e6 10. h3 h6 11. Be2 Bd6 12. Bxd6 Qxd6 13. Bd1 O-O 14. Bc2 Bxc2 15.
Qxc2 e5 16. dxe5 Nxe5 17. Nxe5 Qxe5 18. Nf3 Qe4 19. Qd2 Nd7 20. O-O Nc5 21. Nd4
Nd3 22. Rab1 Rae8 23. b3 b6 24. Nb5 Re7 25. a4 h5 26. Nd4 f5 27. bxc4 dxc4 28.
Rb5 Rf6 29. Kh1 f4 30. exf4 Nxf4 31. f3 Qg6 32. Rg1 h4 33. Qa2 Qd3 34. a5 Qxc3
35. axb6 axb6 36. Nf5 Re2 37. Qa8+ Kh7 38. Nxh4 Rh6 39. Qd8 Nxg2 40. Rxg2 Qe1+
41. Kh2 Rxh4 42. Rg5 Rxg2+ 43. Rxg2 Qe5+ 44. Rg3 Rd4 45. Qf8 Rd2+ 46. Kh1 Qxg3
47. Qf5+ Qg6 0-1

[Event "World Blitz 2015"]
[Site "Berlin GER"]
[Date "2015.10.13"]
[Round "6.74"]
[White "Agrest, Evgenij"]
[Black "Pavlovic, Milos"]
[Result "1-0"]
[WhiteTitle "GM"]
[BlackTitle "GM"]
[WhiteElo "2596"]
[BlackElo "2481"]
[WhiteFideId "1705024"]
[BlackFideId "900389"]
[EventDate "2015.10.13"]

1. Nf3 Nf6 2. c4 g6 3. Nc3 Bg7 4. d4 O-O 5. Bg5 c5 6. d5 h6 7. Bh4 d6 8. e3 e5
9. Nd2 Qd7 10. Be2 Nh7 11. O-O f5 12. f4 e4 13. Qc2 Na6 14. a3 Nc7 15. b4 Ne8
16. Rab1 Qf7 17. Nb3 b6 18. bxc5 dxc5 19. a4 Bd7 20. a5 Nd6 21. Ra1 Rfb8 22. Ra2
Qf8 23. Rfa1 Nf6 24. Nd2 Nfe8 25. Ra3 Nc7 26. Bf1 Na6 27. axb6 Nb4 28. Qb3 axb6
29. Be2 Kh7 30. h3 Qh8 31. Ndb1 Qf8 32. Nd2 Rxa3 33. Rxa3 Ra8 34. Na2 Rxa3 35.
Qxa3 Nc2 36. Qb3 Nxe3 37. Bf2 Nxg2 38. Kxg2 Qd8 39. Nc3 g5 40. Bg3 Bd4 41. Nd1
Nf7 42. Nf1 Qf6 43. Nde3 Ne5 44. fxe5 Bxe5 45. Bxe5 Qxe5 46. Qxb6 f4 47. Qb7 f3+
48. Kf2 Qg7 49. Bd1 Bxh3 50. Qxg7+ Kxg7 51. Ng3 1-0

[Event "World Blitz 2015"]
[Site "Berlin GER"]
[Date "2015.10.13"]
[Round "6.75"]
[White "Motylev, Alexander"]
[Black "Hilverda, Alexander"]
[Result "1-0"]
[WhiteTitle "GM"]
[WhiteElo "2649"]
[BlackElo "2384"]
[WhiteFideId "4121830"]
[BlackFideId "4695437"]
[EventDate "2015.10.13"]

1. e4 c5 2. Nf3 e6 3. d4 cxd4 4. Nxd4 a6 5. Bd3 Bc5 6. Nb3 Be7 7. Qg4 g6 8. Qe2
d6 9. a4 b6 10. Na3 Bb7 11. Nc4 Nd7 12. O-O Ne5 13. Nxe5 dxe5 14. Nd2 Nf6 15.
Nc4 Nd7 16. Bh6 Bf8 17. Qe3 Rb8 18. Bxf8 Kxf8 19. f4 Kg7 20. fxe5 Rf8 21. Qd4
Qc7 22. c3 Rbd8 23. Nd6 Bc8 24. Rad1 Qc5 25. Nc4 b5 26. axb5 axb5 27. Qxc5 Nxc5
28. Nd6 b4 29. Be2 1-0

[Event "World Blitz 2015"]
[Site "Berlin GER"]
[Date "2015.10.13"]
[Round "6.77"]
[White "Polzin, Rainer"]
[Black "Huzman, Alexander"]
[Result "0-1"]
[WhiteTitle "GM"]
[BlackTitle "GM"]
[WhiteElo "2416"]
[BlackElo "2580"]
[WhiteFideId "4610741"]
[BlackFideId "2803828"]
[EventDate "2015.10.13"]

1. e4 e6 2. d4 d5 3. Nc3 dxe4 4. Nxe4 Nd7 5. Nf3 Ngf6 6. Nxf6+ Nxf6 7. Bd3 b6 8.
Qe2 Bb7 9. Bg5 Be7 10. Bxf6 gxf6 11. Ba6 Qc8 12. Bxb7 Qxb7 13. O-O-O O-O-O 14.
Rhe1 h5 15. c3 h4 16. Kc2 Qd5 17. c4 Qf5+ 18. Qe4 Qxe4+ 19. Rxe4 f5 20. Re2 Rhg8
21. g3 hxg3 22. fxg3 Bf6 23. d5 Rg4 24. b3 Re4 25. Rxe4 fxe4 26. Nd2 exd5 27.
cxd5 e3 28. Nf3 Kd7 29. Re1 Re8 30. Kd3 Kd6 31. Rxe3 Rxe3+ 32. Kxe3 Kxd5 33. a4
Bb2 34. h4 f5 35. Kd3 c5 36. Nh2 Be5 37. Nf1 Ke6 38. Kc4 Bd4 39. Kb5 Kd5 40. Nd2
Bf2 41. Nf1 Kd4 42. Ka6 Kc3 43. h5 Kxb3 44. Kxa7 c4 45. Ka6 c3 46. h6 Bd4 47. h7
c2 48. Nd2+ Kxa4 49. Nf3 Bh8 0-1

[Event "World Blitz 2015"]
[Site "Berlin GER"]
[Date "2015.10.13"]
[Round "6.78"]
[White "Tari, Aryan"]
[Black "Mikhalevski, Victor"]
[Result "0-1"]
[WhiteTitle "IM"]
[BlackTitle "GM"]
[WhiteElo "2521"]
[BlackElo "2536"]
[WhiteFideId "1510045"]
[BlackFideId "2801914"]
[EventDate "2015.10.13"]

1. d4 Nf6 2. c4 g6 3. Nc3 d5 4. cxd5 Nxd5 5. Bd2 Nb6 6. e3 Bg7 7. f4 N8d7 8. Ne4
Nd5 9. Bc4 e6 10. Nf3 O-O 11. O-O b6 12. Rc1 Bb7 13. Qc2 c5 14. Nd6 Bc6 15. e4
N7f6 16. e5 Ne8 17. dxc5 bxc5 18. Ne4 Nb4 19. Qb1 Qb6 20. Be3 Bxe4 21. Qxe4 Rc8
22. Kh1 Nc7 23. Bg1 Nbd5 24. b3 Rfd8 25. Rfd1 Bf8 26. Re1 Ne7 27. Ng5 Nf5 28.
Bf2 Nb5 29. Nf3 Na3 30. Bf1 a5 31. g4 Ne7 32. Bh4 Qb4 33. Qe2 Qxf4 34. Ng5 Rd2
35. Nh3 Rxe2 36. Nxf4 Rxa2 37. Red1 Nc6 38. Bf6 Nd4 39. Ra1 Rxa1 40. Rxa1 Nac2
41. Rxa5 Nxb3 42. Ra4 Nd2 43. Bd3 Ne3 44. Ra2 Nf3 45. g5 c4 46. Be4 c3 47. Nd3
Nd2 48. Bb7 Rc7 49. Bg2 Nb3 50. Ne1 c2 51. Nxc2 Rxc2 52. Rxc2 Nxc2 53. Be4 Ne3
54. h4 Nc5 55. Bf3 Nd3 56. h5 Nc4 57. h6 Ncxe5 58. Be4 Bd6 59. Kg2 Nc5 60. Bc2
Ned7 61. Bc3 Bf4 62. Kf3 Bxg5 63. Bg7 Bf6 64. Bb1 Bxg7 65. hxg7 Kxg7 66. Kg4 h5+
67. Kg5 f6+ 68. Kh4 Kh6 0-1

[Event "World Blitz 2015"]
[Site "Berlin GER"]
[Date "2015.10.13"]
[Round "6.79"]
[White "Guliyev, Namig"]
[Black "Berend, Elvira"]
[Result "1/2-1/2"]
[WhiteTitle "GM"]
[BlackTitle "WGM"]
[WhiteElo "2579"]
[BlackElo "2370"]
[WhiteFideId "13400363"]
[BlackFideId "4000510"]
[EventDate "2015.10.13"]

1. e4 e5 2. Nf3 Nc6 3. Bb5 Nf6 4. O-O Nxe4 5. Re1 Nd6 6. Nxe5 Be7 7. Bf1 Nxe5 8.
Rxe5 O-O 9. d4 Bf6 10. Re1 Nf5 11. d5 d6 12. Nd2 Bd7 13. Ne4 Be7 14. c3 Nh4 15.
g3 Ng6 16. h4 Ne5 17. Bg2 Re8 18. Bf4 Ng6 19. Be3 Ne5 20. b3 h6 21. Bd4 Bf8 22.
f4 Bg4 23. Qc2 Nf3+ 24. Bxf3 Bxf3 25. Re3 Bg4 26. Rae1 Qd7 27. c4 b6 28. Bb2 c6
29. Qc3 Rxe4 30. Rxe4 cxd5 31. cxd5 Bf5 32. R4e2 Rc8 33. Qd4 Bg4 34. Re3 Bf5 35.
Rc3 Rxc3 36. Bxc3 Qb5 37. Kf2 Bg4 38. Qc4 Qd7 39. Qe4 Bf5 40. Qe8 Qb7 41. Qc6
Qa6 42. Re2 Bd3 43. Rd2 Bb5 44. Qc7 Bd3 45. Bb4 Qb5 46. Bxd6 Qxd5 47. Bxf8 Qd4+
48. Kg2 Be4+ 49. Kf1 Qxd2 50. Bd6 Bd3+ 51. Kg1 Qe3+ 52. Kg2 Be4+ 53. Kh3 Bf5+
54. Kg2 Qe2+ 55. Kg1 Qe1+ 56. Kg2 Be4+ 57. Kh3 Qf1+ 58. Kg4 Qf3+ 59. Kh3 Bf5+
60. Kh2 Qf2+ 1/2-1/2

[Event "World Blitz 2015"]
[Site "Berlin GER"]
[Date "2015.10.13"]
[Round "6.80"]
[White "Bruedigam, Martin"]
[Black "Kunin, Vitaly"]
[Result "0-1"]
[WhiteTitle "FM"]
[BlackTitle "GM"]
[WhiteElo "2375"]
[BlackElo "2556"]
[WhiteFideId "24608033"]
[BlackFideId "4128737"]
[EventDate "2015.10.13"]

1. e4 d6 2. d4 Nf6 3. Nc3 Nbd7 4. g4 h6 5. Bg2 e5 6. Nge2 c6 7. h3 b5 8. a3 a5
9. Be3 Ba6 10. Qd2 Be7 11. f4 b4 12. Nd1 Qc7 13. axb4 axb4 14. c4 bxc3 15. bxc3
O-O 16. O-O Nb6 17. Nb2 Nfd7 18. g5 exf4 19. Bxf4 Bxg5 20. Bxg5 hxg5 21. Rf5 Nc4
22. Nxc4 Bxc4 23. Rxa8 Rxa8 24. Ng3 f6 25. h4 gxh4 26. Nh5 Be6 27. Nxg7 Kxg7 28.
Rh5 Rh8 29. Rxh8 Kxh8 30. Qh6+ Kg8 31. Qxh4 Qa5 32. Qg3+ Kf7 33. Qxd6 Qxc3 34.
d5 cxd5 35. exd5 Bf5 36. Qf4 Qe1+ 37. Bf1 Qe5 38. Qd2 Qg3+ 0-1

[Event "World Blitz 2015"]
[Site "Berlin GER"]
[Date "2015.10.13"]
[Round "6.81"]
[White "Piorun, Kacper"]
[Black "Carlstedt, Jonathan"]
[Result "1/2-1/2"]
[WhiteTitle "GM"]
[BlackTitle "IM"]
[WhiteElo "2609"]
[BlackElo "2442"]
[WhiteFideId "1130420"]
[BlackFideId "24614386"]
[EventDate "2015.10.13"]

1. Nf3 Nf6 2. g3 e6 3. Bg2 b5 4. O-O Bb7 5. d3 c5 6. Nbd2 Be7 7. e4 d6 8. Re1
Nbd7 9. c3 O-O 10. a4 a6 11. d4 e5 12. dxe5 Nxe5 13. Nxe5 dxe5 14. Qe2 c4 15.
Nf1 Qc7 16. Bg5 h6 17. Bxf6 Bxf6 18. Ne3 Rad8 19. Nd5 Bxd5 20. exd5 Rfe8 21. Be4
g6 22. axb5 axb5 23. h4 Bg7 24. h5 f5 25. Bg2 g5 26. g4 e4 27. gxf5 Rxd5 28.
Bxe4 Rde5 29. Qf3 Kh8 30. f6 Bf8 31. Re3 Rd8 32. Rae1 Bd6 33. Bg6 g4 34. Qg2 Rf8
35. Rxe5 Bxe5 36. f7 g3 37. fxg3 Bxg3 38. Rf1 Qe5 39. Qf3 Bh4 40. Qf4 Qc5+ 41.
Qd4+ Qxd4+ 42. cxd4 Kg7 43. Rf5 Bf6 44. Rxb5 Bxd4+ 45. Kg2 c3 46. bxc3 Bxc3 47.
Kf3 Bf6 48. Rb6 Rd8 49. Re6 Rf8 50. Re8 Bd4 51. Ke4 Bc3 52. Kf5 Bb2 53. Ke6 Bc3
54. Re7 Bb4 55. Rb7 Bc3 56. Rb3 Bd4 57. Rg3 Bc5 58. Bf5+ Kh8 59. Rg6 Be3 60. Ke7
Bc5+ 61. Ke6 Be3 62. Rg4 Bc5 63. Kf6 Ba3 64. Kg6 Bc1 65. Re4 Bd2 66. Bd7 Bc3 67.
Be8 Bg7 68. Re6 Bc3 69. Kf5 Kg7 70. Rg6+ Kh7 71. Rg4 Bb2 72. Ke6 Bc1 73. Rg3 Bd2
74. Rg2 Bc1 75. Bc6 Bg5 76. Be4+ Kg7 77. Bg6 Ra8 78. Rc2 Ra6+ 79. Kf5 Ra5+ 80.
Kg4 Ra4+ 81. Kf3 Rf4+ 82. Kg3 Rd4 83. Rc8 Rd8 84. Rc7 Kf8 85. Rc6 Rb8 86. Re6
Be7 87. Kf3 Rb7 88. Rc6 Rb8 89. Kg4 Kg7 90. Rc7 Bf8 91. Bf5 Rb6 92. Be4 Rf6 93.
Bd5 Rd6 94. Bb3 Rb6 95. Rc3 Rb4+ 96. Kf5 Rb5+ 97. Kg4 Rb4+ 98. Kh3 Rb5 99. Rg3+
Kf6 100. Rg6+ Kf5 101. Bc2+ Kf4 102. Rg8 Rb8 103. Kg2 Ke5 104. Bg6 Kf6 105. Kf3
Rd8 106. Ke4 Ke7 107. Rh8 Kf6 108. Rg8 Ke7 109. Ke5 Rb8 110. Be4 Kxf7 111. Bd5+
Ke7 112. Rg6 Rb2 113. Re6+ Kd7 114. Ra6 Rc2 115. Ra7+ Rc7 116. Ra8 Ke7 117. Be4
Rc5+ 118. Bd5 Bg7+ 119. Ke4 Rc1 120. Ra7+ Kd6 121. Rxg7 Re1+ 122. Kf5 Kxd5 123.
Kg6 Re6+ 124. Kh7 Ke5 125. Rg6 Kf5 126. Kxh6 Re8 127. Kh7 Re7+ 128. Rg7 Re8 129.
h6 Kf6 130. Ra7 Rf8 131. Ra1 Kf7 132. Rf1+ Ke7 133. Re1+ Kf7 134. Re2 Kf6 135.
Rg2 Kf7 136. Rg7+ Kf6 137. Rg6+ Kf7 138. Ra6 Rb8 139. Ra7+ Kf6 140. Rc7 Rf8 141.
Rc6+ Kf7 142. Rd6 Rb8 143. Rd2 Rf8 144. Rf2+ Ke7 145. Rg2 Kf7 146. Rg7+ Kf6 147.
Rg8 Kf7 148. Rg7+ Kf6 149. Rg1 Kf7 150. Rf1+ Ke7 151. Ra1 Kf7 152. Ra7+ Kf6 153.
Rg7 Re8 154. Rg8 Re7+ 155. Kh8 Ra7 156. h7 Rb7 157. Rf8+ Kg6 158. Rg8+ Kh6 159.
Ra8 1/2-1/2

[Event "World Blitz 2015"]
[Site "Berlin GER"]
[Date "2015.10.13"]
[Round "6.83"]
[White "Van Wely, Loek"]
[Black "Valdes Romero, Leonardo"]
[Result "1-0"]
[WhiteTitle "GM"]
[BlackTitle "IM"]
[WhiteElo "2632"]
[BlackElo "2362"]
[WhiteFideId "1000268"]
[BlackFideId "6500331"]
[EventDate "2015.10.13"]

1. d4 Nf6 2. c4 g6 3. Nf3 Bg7 4. Nc3 O-O 5. e4 d6 6. Be2 e5 7. Be3 h6 8. O-O Ng4
9. Bc1 Nc6 10. d5 Ne7 11. Nd2 f5 12. Bxg4 fxg4 13. b4 g5 14. c5 Ng6 15. Nc4 Rf7
16. Be3 Bf8 17. Rc1 Nf4 18. cxd6 cxd6 19. Nb5 b6 20. a4 h5 21. a5 Ba6 22. Nba3
bxa5 23. b5 Bc8 24. Qd2 h4 25. Nxa5 Ne2+ 26. Qxe2 Qxa5 27. Ra1 Qd8 28. Nc4 Rb8
29. Rfb1 Bd7 30. b6 axb6 31. Nxb6 Be8 32. Qxg4 Rg7 33. h3 Qf6 34. Qe6+ Qxe6 35.
dxe6 Re7 36. Nd5 Rxb1+ 37. Rxb1 Rxe6 38. Bxg5 Bc6 39. Bxh4 Rg6 40. Rb8 Kf7 41.
f3 Ba4 42. Ra8 Bd1 43. Kf2 Rg7 44. Ra7+ Kg8 45. Rxg7+ Bxg7 46. Be7 1-0

[Event "World Blitz 2015"]
[Site "Berlin GER"]
[Date "2015.10.13"]
[Round "6.84"]
[White "Thiede, Lars"]
[Black "Romanov, Evgeny"]
[Result "0-1"]
[WhiteTitle "IM"]
[BlackTitle "GM"]
[WhiteElo "2437"]
[BlackElo "2573"]
[WhiteFideId "4607759"]
[BlackFideId "4148843"]
[EventDate "2015.10.13"]

1. g3 d5 2. Bg2 c6 3. Nf3 Nf6 4. b3 Bg4 5. Bb2 Nbd7 6. O-O e6 7. d3 Be7 8. h3
Bxf3 9. Bxf3 O-O 10. Nd2 a5 11. a4 Bb4 12. e4 Qc7 13. Qe2 e5 14. Bg2 Rfe8 15.
Nf3 Rad8 16. Nh4 Nf8 17. Nf5 dxe4 18. Bxe4 Nxe4 19. Qxe4 Ng6 20. Rad1 Qd7 21. h4
Qd5 22. h5 Ne7 23. Nxe7+ Rxe7 24. Qg4 Qe6 25. Qxe6 Rxe6 26. f3 f5 27. Kg2 Kf7
28. Rf2 Rg8 29. Re2 Rge8 30. Rh1 Bc5 31. Rhe1 Bb4 32. Rh1 h6 33. Rh4 b5 34. axb5
cxb5 35. Kf1 Be7 36. Rhh2 Bf6 37. c4 Rb8 38. Rc2 bxc4 39. bxc4 Rb3 40. Rhd2 a4
41. Ke2 a3 42. Bc1 e4 43. dxe4 0-1

[Event "World Blitz 2015"]
[Site "Berlin GER"]
[Date "2015.10.13"]
[Round "6.85"]
[White "Bok, Benjamin"]
[Black "Wendt, Jan-Dietrich"]
[Result "1-0"]
[WhiteTitle "GM"]
[BlackTitle "FM"]
[WhiteElo "2591"]
[BlackElo "2332"]
[WhiteFideId "1017063"]
[BlackFideId "4623797"]
[EventDate "2015.10.13"]

1. e4 c5 2. Nf3 e6 3. d4 cxd4 4. Nxd4 Nc6 5. Nc3 Nf6 6. Ndb5 d6 7. Bf4 e5 8. Bg5
a6 9. Na3 b5 10. Nd5 Be7 11. Bxf6 Bxf6 12. c3 Bg5 13. Nc2 O-O 14. a4 bxa4 15.
Rxa4 a5 16. Bc4 Kh8 17. O-O f5 18. exf5 Bxf5 19. Nce3 Bg6 20. Bd3 Bf7 21. Be4
Rb8 22. Qe2 Bg8 23. Raa1 Bxe3 24. Nxe3 Ne7 25. Rfd1 Qc7 26. Rd2 Bb3 27. Qd3 h6
28. Qxd6 Qxd6 29. Rxd6 a4 30. h4 Ng8 31. Rd2 Nf6 32. Bc6 Rbd8 33. Rxd8 Rxd8 34.
Ra3 Rd2 35. Bxa4 Bxa4 36. Rxa4 Rxb2 37. g3 Kh7 38. Kg2 Rb1 39. Ng4 Nd5 40. Rc4
Rc1 41. Rc5 Nxc3 42. Nxe5 Ne2 43. Rxc1 Nxc1 44. Kf3 Nb3 45. Kf4 Nc5 46. Kf5 Kg8
47. f4 Kf8 48. g4 Nb7 49. Kg6 Nd6 50. f5 Ne4 51. Nd7+ Ke7 52. Nb6 Nf2 53. Kxg7
Nxg4 54. Nd5+ Kd6 55. f6 Kxd5 56. f7 Ne5 57. f8=Q Ke4 58. Qe8 Kf4 59. Kxh6 Ng4+
60. Kg7 Kg3 61. h5 Kf4 62. h6 Kg5 63. h7 1-0

[Event "World Blitz 2015"]
[Site "Berlin GER"]
[Date "2015.10.13"]
[Round "6.86"]
[White "Grandelius, Nils"]
[Black "Ben Artzi, Ido"]
[Result "1-0"]
[WhiteTitle "GM"]
[BlackTitle "IM"]
[WhiteElo "2647"]
[BlackElo "2419"]
[WhiteFideId "1710400"]
[BlackFideId "2810913"]
[EventDate "2015.10.13"]

1. Nf3 Nf6 2. c4 e6 3. b3 d5 4. Bb2 c5 5. g3 d4 6. b4 Nc6 7. b5 Ne7 8. e3 Nf5 9.
Bd3 Be7 10. e4 Nh6 11. e5 Nd7 12. Qe2 O-O 13. Na3 b6 14. Qe4 f5 15. Qxa8 Ng4 16.
O-O-O Nxf2 17. Bb1 Nxh1 18. Rxh1 Re8 19. Nc2 Bf8 20. Nce1 Qc7 21. Qc6 Qb8 22.
Rf1 Re7 23. Nd3 Bb7 24. Qd6 Qa8 25. Ng5 Qe8 26. Nf4 h6 27. Ngxe6 g5 28. Nxf8
Nxf8 29. Nd5 Bxd5 30. Qxd5+ Kg7 31. Rxf5 Ne6 32. Qe4 Qh5 33. Rf1 Kg8 34. Qa8+
Re8 35. Qe4 Re7 36. Qf5 Qe2 37. Be4 Ng7 38. Qf8# 1-0

[Event "World Blitz 2015"]
[Site "Berlin GER"]
[Date "2015.10.13"]
[Round "6.87"]
[White "Vogel, Roven"]
[Black "Stefansson, Hannes"]
[Result "1-0"]
[BlackTitle "GM"]
[WhiteElo "2417"]
[BlackElo "2602"]
[WhiteFideId "12908088"]
[BlackFideId "2300087"]
[EventDate "2015.10.13"]

1. e4 c5 2. Nf3 e6 3. c4 Nc6 4. Nc3 Qb6 5. Be2 g6 6. O-O Bg7 7. a3 a5 8. Na4 Qa7
9. Qb3 Nge7 10. d3 d6 11. Bf4 e5 12. Be3 Bg4 13. Nb6 Rd8 14. Nd5 O-O 15. h3 Bxf3
16. Bxf3 h6 17. g3 Kh7 18. Bg2 Nxd5 19. cxd5 Nd4 20. Bxd4 cxd4 21. f4 Rc8 22. f5
h5 23. h4 Bh6 24. Bh3 g5 25. hxg5 Bxg5 26. Qd1 Kh6 27. f6 Rcd8 28. Rf5 Rg8 29.
Kf2 Qb6 30. Qe2 Rg6 31. Rh1 Rxf6 32. Rxf6+ Bxf6 33. Be6 h4 34. Bxf7 Kg7 35. Qh5
Qxb2+ 36. Kf3 Rd7 37. Qg6+ Kf8 38. Qg8+ 1-0

[Event "World Blitz 2015"]
[Site "Berlin GER"]
[Date "2015.10.13"]
[Round "6.88"]
[White "Fedorchuk, Sergey A."]
[Black "Camacho Collados, Jose"]
[Result "1-0"]
[WhiteTitle "GM"]
[BlackTitle "IM"]
[WhiteElo "2635"]
[BlackElo "2383"]
[WhiteFideId "14102536"]
[BlackFideId "2265427"]
[EventDate "2015.10.13"]

1. e4 c5 2. Nf3 Nc6 3. Bb5 Qb6 4. Nc3 e6 5. O-O Nge7 6. a4 a6 7. Bc4 Ng6 8. Re1
Be7 9. Bf1 O-O 10. d3 d6 11. g3 Bd7 12. Bg2 Rad8 13. h4 Bf6 14. Nh2 Nd4 15. h5
Ne5 16. f4 Nec6 17. Ng4 Nb4 18. h6 Kh8 19. e5 Be7 20. hxg7+ Kxg7 21. Ne4 Ndxc2
22. Ngf6 Rh8 23. Qg4+ Kf8 24. f5 c4+ 25. Kh2 h5 26. Bh6+ Rxh6 27. Qg8# 1-0

[Event "World Blitz 2015"]
[Site "Berlin GER"]
[Date "2015.10.13"]
[Round "6.90"]
[White "Maze, Sebastien"]
[Black "Choukri, Adel"]
[Result "1/2-1/2"]
[WhiteTitle "GM"]
[BlackTitle "CM"]
[WhiteElo "2582"]
[BlackElo "2199"]
[WhiteFideId "613762"]
[BlackFideId "9000399"]
[EventDate "2015.10.13"]

1. e4 e6 2. d4 d5 3. Nc3 Bb4 4. exd5 exd5 5. Bd3 Nf6 6. a3 Be7 7. Nge2 c6 8. O-O
O-O 9. f3 Re8 10. g4 Be6 11. Ng3 Qb6 12. Nce2 Bf8 13. Kg2 g6 14. g5 Nfd7 15. f4
Bg4 16. h3 Bxe2 17. Nxe2 f5 18. gxf6 Nxf6 19. f5 Ne4 20. fxg6 hxg6 21. c3 Nd7
22. Nf4 Qc7 23. Qg4 Bg7 24. Nxg6 Ndf6 25. Qh4 Qf7 26. Ne5 Qh5 27. Qxh5 Nxh5 28.
Ng4 Re6 29. Be3 Rae8 30. Rae1 b5 31. Bc1 a5 32. Rf5 Nhg3 33. Rf3 Nh5 34. Bxe4
dxe4 35. Rf5 Nf6 36. Nxf6+ Bxf6 37. Ref1 Bg7 38. Be3 Rg6+ 39. Rg5 Rxg5+ 40. Bxg5
b4 41. axb4 axb4 42. Be3 Ra8 43. Rf2 bxc3 44. bxc3 Ra1 45. Kg3 Re1 46. Bd2 Rg1+
47. Kf4 Rh1 48. Kxe4 Rxh3 49. Rg2 Kf7 50. Be3 Bf6 51. c4 Rh4+ 52. Kd3 Rh3 53.
Rf2 Ke6 54. Ke4 Rh4+ 55. Kd3 Rh3 56. Rg2 Kf7 57. Rg4 Ke6 58. Ke4 Rh4 59. Rxh4
Bxh4 60. Bf4 Bf6 61. Kd3 Bg7 62. Ke4 Bf6 1/2-1/2

[Event "World Blitz 2015"]
[Site "Berlin GER"]
[Date "2015.10.13"]
[Round "6.91"]
[White "Godena, Michele"]
[Black "Koehler, Gerhard2"]
[Result "1-0"]
[WhiteTitle "GM"]
[WhiteElo "2513"]
[BlackElo "2173"]
[WhiteFideId "800090"]
[BlackFideId "12909700"]
[EventDate "2015.10.13"]

1. e4 e6 2. d4 d5 3. Nd2 a6 4. Ngf3 Nf6 5. Bd3 c5 6. c3 Nc6 7. O-O Be7 8. exd5
Nxd5 9. Nb3 cxd4 10. Nbxd4 Nxd4 11. Nxd4 O-O 12. Re1 Qc7 13. Qf3 Bf6 14. Qe4 g6
15. Bh6 Re8 16. Qxd5 1-0

[Event "World Blitz 2015"]
[Site "Berlin GER"]
[Date "2015.10.13"]
[Round "6.92"]
[White "Hovhannisyan, Mher"]
[Black "Schmaltz, Roland"]
[Result "0-1"]
[WhiteTitle "IM"]
[BlackTitle "GM"]
[WhiteElo "2499"]
[BlackElo "2504"]
[WhiteFideId "13300865"]
[BlackFideId "4614054"]
[EventDate "2015.10.13"]

1. e4 c5 2. c3 d5 3. exd5 Qxd5 4. d4 Nf6 5. Nf3 e6 6. Be2 cxd4 7. cxd4 Be7 8.
Nc3 Qd8 9. O-O O-O 10. h3 Nc6 11. Be3 b6 12. a3 Bb7 13. b4 Rc8 14. Qb3 a5 15. b5
Nb8 16. a4 Nbd7 17. Rac1 Nd5 18. Rfd1 h6 19. Nxd5 Bxd5 20. Qb2 Bd6 21. Ne5 Qe7
22. Bf3 Ba3 23. Qb1 Bxc1 24. Bxc1 Bxf3 25. Nxf3 Rc4 26. Qb3 Rfc8 27. Ba3 Qf6 28.
Bd6 Qf5 29. Qe3 Rxa4 30. d5 exd5 31. Nd4 Qe4 32. Qxe4 dxe4 33. Nc6 Kh7 34. Bf4
Nf6 35. Be3 Ra2 36. Bxb6 Rb2 37. Be3 Rxb5 38. Na7 Rcb8 39. Nxb5 Rxb5 40. Rd6 Nd5
41. Bd4 f6 42. Ra6 Kg6 43. Ra7 Nb4 44. Bc3 Nc6 45. Ra6 Rc5 46. Bd2 Kf5 47. Kh2
g5 48. Be3 Rc4 49. g4+ Ke6 50. Kg3 a4 51. h4 Kd5 52. h5 Ke6 53. Ra8 f5 54. gxf5+
Kxf5 55. Rf8+ Ke6 56. Rh8 a3 57. Rxh6+ Kd5 58. Rh8 Ra4 59. Bd2 a2 60. Bc3 Ra3
61. Ra8 Rxa8 0-1

[Event "World Blitz 2015"]
[Site "Berlin GER"]
[Date "2015.10.13"]
[Round "6.93"]
[White "Thornton, Giovanni Antonio"]
[Black "Carstensen, Jacob"]
[Result "1/2-1/2"]
[BlackTitle "IM"]
[WhiteElo "2207"]
[BlackElo "2352"]
[WhiteFideId "4300963"]
[BlackFideId "1404180"]
[EventDate "2015.10.13"]

1. e4 c5 2. c3 Nf6 3. e5 Nd5 4. d4 cxd4 5. Nf3 e6 6. cxd4 d6 7. Nc3 Nxc3 8. bxc3
Qc7 9. Bd2 Nd7 10. exd6 Bxd6 11. Bd3 Nf6 12. O-O O-O 13. Re1 b6 14. Ne5 Bb7 15.
Bg5 Be7 16. Re3 h6 17. Bf4 Nd5 18. Bxh6 Nxe3 19. Bxe3 f5 20. Qh5 Bf6 21. Ng6
Rfd8 22. Rc1 Rac8 23. Qh8+ Kf7 24. Qh5 Kg8 25. Qh8+ Kf7 26. Qh5 Kg8 27. Qh8+ Kf7
28. Qh5 1/2-1/2

[Event "World Blitz 2015"]
[Site "Berlin GER"]
[Date "2015.10.13"]
[Round "7.3"]
[White "Perunovic, Milos"]
[Black "Karjakin, Sergey"]
[Result "1/2-1/2"]
[WhiteTitle "GM"]
[BlackTitle "GM"]
[WhiteElo "2622"]
[BlackElo "2762"]
[WhiteFideId "921629"]
[BlackFideId "14109603"]
[EventDate "2015.10.13"]

1. e4 e5 2. Nf3 Nc6 3. Bb5 a6 4. Ba4 Nf6 5. O-O Be7 6. Re1 b5 7. Bb3 d6 8. c3
O-O 9. d4 Bg4 10. d5 Na5 11. Bc2 Qc8 12. h3 Bd7 13. Nbd2 c6 14. dxc6 Qxc6 15.
Nf1 Rfc8 16. Ne3 Nc4 17. Nf5 Bxf5 18. exf5 h6 19. a4 Bd8 20. b3 Nb6 21. axb5
axb5 22. Rxa8 Rxa8 23. Bb2 Nbd5 24. Qd2 Bb6 25. Bd3 Nf4 26. Bf1 Ra2 27. Qc2
Nxh3+ 28. gxh3 Qxf3 29. Re2 e4 30. Bg2 Qxf5 31. Qb1 Ra8 32. c4 bxc4 33. bxc4 Rb8
34. Qd1 Bc5 35. Bxf6 Qxf6 36. Bxe4 g6 37. Qd3 Kg7 38. Qf3 Qg5+ 39. Kh2 Bd4 40.
Re1 Rb2 41. Re2 Rxe2 42. Qxe2 Qf4+ 43. Kg2 Bxf2 44. Qf3 Qxf3+ 45. Kxf3 Bc5 46.
Bd5 f5 47. Bc6 Kf6 48. Be8 g5 49. Bh5 Ke5 50. Bg6 Bb6 51. Bh5 Kd4 52. Bf7 Bd8
53. Be6 Ke5 54. Bf7 Kf6 55. Bh5 Bb6 56. Be8 Bc5 57. Bh5 Bd4 58. Be8 Bc3 59. Bh5
Ke5 60. Bg6 Bd2 61. Bh5 Kd4 62. Bf7 h5 63. Bxh5 Kxc4 64. Bg6 f4 65. Bf7+ Kd4 66.
Be6 Be1 67. Bf7 d5 68. Bg8 Kc5 69. Ke2 Bc3 70. Kd3 Bf6 71. Be6 Bg7 72. Bg4 d4
73. Bf3 Bf6 74. Bd1 Kb4 75. Bg4 Kb3 76. Bf3 Kb2 77. Bg4 Kc1 78. Bf3 Be5 79. Bg4
Bg7 80. Bf3 1/2-1/2

[Event "World Blitz 2015"]
[Site "Berlin GER"]
[Date "2015.10.13"]
[Round "7.4"]
[White "Socko, Bartosz"]
[Black "Bocharov, Dmitry"]
[Result "1-0"]
[WhiteTitle "GM"]
[BlackTitle "GM"]
[WhiteElo "2599"]
[BlackElo "2560"]
[WhiteFideId "1107038"]
[BlackFideId "4138716"]
[EventDate "2015.10.13"]

1. e4 c5 2. Nf3 e6 3. d4 cxd4 4. Nxd4 a6 5. Bd3 Nf6 6. Qe2 d6 7. Be3 Nbd7 8. Nd2
Qc7 9. O-O-O Ne5 10. Kb1 Be7 11. f4 Nxd3 12. cxd3 e5 13. Rc1 Qb8 14. N4f3 O-O
15. fxe5 dxe5 16. Nc4 Nd7 17. Nb6 Nxb6 18. Bxb6 Bd6 19. Rc3 Be6 20. Rhc1 Qe8 21.
Bc5 Bxc5 22. Rxc5 f6 23. Qd2 Rd8 24. Qc3 Rf7 25. b3 Rfd7 26. Ne1 h6 27. Kb2 b6
28. Rc6 Rd6 29. Rc7 a5 30. Rb7 a4 31. Qc7 Bf7 32. Rc3 axb3 33. axb3 Qf8 34. Rxb6
Rxb6 35. Qxb6 Rb8 36. Qa5 Qe7 37. Nc2 Qe6 38. Qa4 Qg4 39. g3 Qe2 40. Qa7 Rd8 41.
Rc7 Rf8 42. Rd7 Qxh2 43. Qc7 Qxg3 44. b4 h5 45. b5 Qf4 46. b6 Qd2 47. b7 h4 48.
Rxf7 Rxf7 49. b8=Q+ 1-0